Programovacie techniky v prekladačoch

Bibliographic Details
Main Authors: Molnár, Ľudovít, 1940- (Author), Zboray, František (Author)
Format: Article
Language:Slovak
Subjects:

MARC

LEADER 00000nab a2200000 a 4500
001 vtls000285952
003 SK-MaSNL
005 20260303223932.0
008 111202c1987 xo 0 slo
015 |a SNBRA19rr/mm-uuuuu 
035 |a CL0296070 
040 |a SNKBUCL  |b slo  |c SNKBUCL  |e AACR2 
041 0 |a slo 
044 |a xo  |c SK 
080 |a 371.68/.69:681.3  |2 1981 
080 |a 681.3  |2 1981 
080 |a 681.3/.5  |2 1981 
100 1 |a Molnár, Ľudovít,  |d 1940-  |4 aut  |9 212431 
245 1 0 |a Programovacie techniky v prekladačoch  |c Ľudovít Molnár, František Zboray 
650 0 7 |a výpočtová technika  |2 snkbucl  |9 1126 
650 0 7 |a techniky programovacie  |2 snkbucl  |9 1259108 
655 7 |a články zo zborníkov  |2 snkbucl  |9 166140 
700 1 |a Zboray, František  |4 aut  |9 276923 
773 0 |t Využitie výpočtovej techniky v školstve  |d Bratislava : Dom techniky ČSVTS, 1987 
850 |a Slovenská národná knižnica v Martine  |a MTA001 
852 |a SNK  |b KIS3GCP 
958 |a RK 
992 |a RZB 
999 |c 2249913  |d 2251843